| 000 | 00910cam a22002174a 4500 | ||
|---|---|---|---|
| 001 | 34008 | ||
| 005 | 20230411085628.0 | ||
| 008 | 990921n1967 nyu bd 001 0 eng | ||
| 040 |
_aDLC _cDLC _dDLC |
||
| 041 | _aengspa | ||
| 050 | 1 | 4 |
_aZ 244 _bO32 1967 |
| 245 | 0 | 0 |
_aOffset vs. letterpress = _aOffsett vs. impresión tipográfica. |
| 260 |
_aNew York : _bIAPA Technical, _bCentro Técnico de la SIP _c[1967]. |
||
| 300 |
_a95 p. ; _c22 cm. |
||
| 500 | _aProceedings of the session of October 18, 1967 at the XXIII Assembly of the Inter American Press Association, held in Puerto Rico = Memoria de la sesión de 18 de ostubre de 1967 en la XXIII Asamblea de la Sociedad Interamericana de Prensa, celebrada en Puerto Rico. | ||
| 650 | 0 | _aLetterpress printing. | |
| 650 | 0 | _aOffset printing. | |
| 710 | 2 | _aSociedad Interamericana de Prensa | |
| 710 | 2 | _aInter American Press Association | |
| 942 |
_2lcc _cbk |
||
| 999 |
_c104953 _d104953 |
||